000 00847nam a22002777a 4500
001 BR7000355
003 BR-BrBNA
005 20230928083559.0
007 ta
008 230509b bl.||||| |||| 00| 0 por d
040 _aBR-BrBNA
_bpor
_cBiblioteca Nacional de Agricultura
041 _a(Por)
072 _aE30
_b/G514
090 _ E30 BR7000355
110 1 _aServico Federal de Habitacao e Urbanismo, Sao Paulo, SP (Brasil)
_99346
245 1 _aRelatorio preliminar de desenvolvimento integrado. Municipio de Amambai [Mato Grosso; Brasil]
260 3 _aSao Paulo, SP (Brasil):
_c1970.
300 _a179 p.
500 _a26 ref.; 12 Maps, 27x36 cm
650 _aDesenvolvimento agricola
650 _aDesenvolvimento economico
650 _aAmambai
650 _aMato Grosso
909 _a202309
_bLucia
_c55
_dLucia Elande
942 _cBK
999 _c14288
_d14288